Zgadnij jaki to raper po piosence #2 - Statystyki

Ogólne statystyki
  • Ten quiz został rozwiązany 1 141 razy
  • Średni wynik to 15 z 50
Statystyki odpowiedzi
Utwór Raper % Poprawnych
California White 2115
96%
Hinata Szpaku
93%
WiFi Guzior
85%
Casablanca Blacha
83%
4 pory roku Qbik
78%
Plecak Young multi
77%
Wiking Sarius
75%
Wyje wyje bane Tede
64%
Meow Beteo
62%
Dementor Filipek
61%
Alcatraz ostr
56%
Hollywood Planbe
56%
Sicario Słoń
55%
Jestem marynarzem Beka ksh
53%
Moizdrajcy.com Deys
53%
Napad na bankiet Sokół
50%
Wyjebane Kękę
47%
Jeden buziak Tkm
41%
Mówiła mi Bro
35%
Prawo ponad prawem Bezczel
34%
Co mam powiedzieć Pezet
27%
Odpierdalala mi Opał
24%
Trendsetter Kaz bałagane
22%
Dvd Mlodyskiny
22%
Jedna minuta Sulin
19%
Ready to die? Śliwa
17%
Trzy życzenia Bas tajpan
13%
NaNaNa Diho
10%
Nikt mi tego nie dał Młody M
10%
Co by nie było Małach
9%
Jaś i Małgosia Novy ya
8%
Daj z siebie wszystko Bob one
7%
Nie dbam Rufuz
7%
Przepis na sukces Anatom
4%
Piąta rano Bandura
4%
Lubię jak tańczysz Emes milligan
4%
Bluza Holak
4%
Mogę być sam jeden Kacper
4%
Noriaki kasai Koldi
4%
W ruch Pokahontaz
4%
Szukasz nienawiści Kuqe
3%
Zraniłaś mnie Pit
2%
Lubie czill Haryjson joint
1%
500 E Hellfield
1%
Nie kłam Milu
1%
Skrrrt Eliash
0%
Anioł Flips
0%
Sobą być Kapczak
0%
Wierny sobie Pelson
0%
Karma Ruby
0%
Nie znaleziono quizów pasujących do podanych kryteriów
Rozkład punktacji
Procent ludzi z każdym wynikiem
Percentyl według liczby udzielonych odpowiedzi
Twoja historia wyników
Nie rozwiązałeś tego quizu